| 000 | 00618nam a2200229Ia 4500 | ||
|---|---|---|---|
| 999 |
_c41079 _d41079 |
||
| 001 | 7728 | ||
| 003 | GE_BSU | ||
| 005 | 20220922151529.0 | ||
| 008 | 181216s2010en xx |||||||||||||| ||eng|| | ||
| 020 | _a9783642082468. | ||
| 040 | _cGE_BSU | ||
| 041 | _aeng | ||
| 080 | _a514.24 M-29 | ||
| 100 |
_aMardesic, Sibe. _914707 |
||
| 245 |
_aStrong Shape and Homology / _cSibe Mardesic |
||
| 264 |
_aBerlin: _bSpringer, _c2010. |
||
| 300 |
_a489 p, _c23 cm. |
||
| 440 |
_aSpringer Monographs in Mathematics. _914708 |
||
| 653 | _aStrong Shape and Homology. | ||
| 653 | _aჰომოლოგია. | ||
| 942 |
_cBK _2udc |
||